| 000 | 01260cam a2200265 4500 | ||
|---|---|---|---|
| 008 | 011218n2001 000 0 eng u | ||
| 020 | _a1859460933 | ||
| 035 | _a(Sirsi) u116043 | ||
| 041 | _aeng. | ||
| 050 | _a720 | ||
| 100 | _aByrom, R. | ||
| 245 | _aConstruction companion to terms of engagement and fees | ||
| 260 |
_aLondon _bRIBA Publications _c2001 |
||
| 300 |
_ax,148p _c24cm. |
||
| 350 | _a20.00 | ||
| 520 | _aA guide designed to help architects and other construction professionals avoid the problems that arise from ill-conceived terms of engagement. Provides information to help the architect answer questions about who the client is, what is to be designed, what form of procurement is planned, how much is to be paid and when, what qualifies as expenses, and what the parameters of the architect's role are. Also examines the various standard forms of appointment, and provides guidance on alternative commissions such as consultant switch, novation and taking over from another architect. | ||
| 650 | _aTERMS OF ENGAGEMENT | ||
| 650 | _aPROCUREMENT METHODS | ||
| 650 | _aFEES | ||
| 650 | _aSTANDARD FORMS OF APPOINTMENT | ||
| 650 | _aARCHITECTS | ||
| 650 |
_aContracts _96232 |
||
| 690 | _aBUILT ENVIRONMENT | ||
| 942 | _n0 | ||
| 999 |
_c101812 _d101812 |
||